| 000 | 00000nam##2200000za#4500 |
| 001 | 9.605081 |
| 003 | CaOODSP |
| 005 | 20210624211932 |
| 007 | cr ||||||||||| |
| 008 | 150406|2008||||xxc|||||o f|0| 0 fre|d |
| 040 | |aCaOODSP|bfre |
| 043 | |an-cn--- |
| 086 | 1 |aTU3-5/08-19F-PDF |
| 110 | 2 |aBureau de la sécurité des transports du Canada. |
| 245 | 10|aSortie en bout de piste du De Havilland DHC-8-100 C-GTBP exploité par Jazz Air LP (Air Canada Jazz) à l'aéroport Jack Garland de North Bay (Ontario), le 14 décembre 2008 |h[ressource électronique] |
| 260 | |aGatineau - Québec : |bBureau de la sécurité des transports du Canada |c[2008]. |
| 300 | |a35p.|bfigures, graphiques, références |
| 490 | 1 |aRapport d'enquête aéronautique |vA08O0333 |
| 590 | |a13-03-Supp|b2013-02-11 |
| 775 | 08|tRunway overrun - Jazz Air LP (Air Canada Jazz) de Havilland DHC-8-100 C-GTBP North Bay Jack Garland Airport, Ontario, 14 December 2008 |w(CaOODSP)9.575583 |
| 830 | #0|aRapport d'enquête aéronautique ;|vA08O0333|w(CaOODSP)9.501229 |
| 856 | 40|ahttp://publications.gc.ca|qPDF|s1135 Ko|uhttps://publications.gc.ca/collections/collection_2013/bst-tsb/TU3-5-08-19-fra.pdf|yA08O0333 |